[Event "World op 20th"]
[Site "Philadelphia"]
[Date "1992.??.??"]
[Round "4"]
[White "Saidy, Anthony Fred"]
[Black "Machulsky, Anatoly D"]
[Result "1/2-1/2"]
[WhiteElo "2370"]
[BlackElo "2560"]
[PlyCount "78"]
[EventDate "1992.06.??"]
[EventType "swiss"]
[EventRounds "9"]
[EventCountry "USA"]
[SourceTitle "TD"]
[Source "ChessBase"]
[SourceDate "1994.03.01"]
[SourceVersion "1"]
[SourceVersionDate "1994.03.01"]
[SourceQuality "1"]

1. Nf3 f5 2. g3 Nf6 3. Bg2 e6 4. c4 c6 5. b3 Be7 6. 0-0 0-0 7. Bb2 a5 8. Nc3 d5 9. d3 d4 10. Nb1 Bc5 11. a3 Re8 12. b4 axb4 13. axb4 Rxa1 14. Bxa1 Bxb4 15. Bxd4 Bd6 16. Be5 Bxe5 17. Nxe5 Qd4 18. Nf3 Qc5 19. Nbd2 e5 20. Nb3 Qe7 21. d4 exd4 22. Nfxd4 Na6 23. e3 Ne4 24. Qb1 g6 25. Qb2 Qf6 26. Qa3 Qe7 27. Qxe7 Rxe7 28. Ra1 Kf7 29. Bf1 Ke8 30. f3 Nec5 31. Nxc5 Nxc5 32. Ra8 Kd8 33. Ra5 Na6 34. Kf2 Kc7 35. h3 Kd6 36. Nb3 Re5 37. Ra1 Kc7 38. g4 Re7 39. Nd4 Rf7 1/2-1/2

[Event "Moscow3"]
[Site "Moscow"]
[Date "1991.??.??"]
[Round "?"]
[White "Cosma, Ioan"]
[Black "Machulsky, Anatoly D"]
[Result "0-1"]
[WhiteElo "2405"]
[BlackElo "2555"]
[PlyCount "74"]
[EventDate "1991.03.??"]
[EventType "tourn"]
[EventRounds "11"]
[EventCountry "URS"]
[EventCategory "8"]
[SourceTitle "CBM 022 Extra"]
[Source "ChessBase"]
[SourceDate "1991.07.01"]
[SourceVersion "1"]
[SourceVersionDate "1991.07.01"]
[SourceQuality "1"]

1. d4 d5 2. c4 e6 3. Nc3 c6 4. Nf3 Nf6 5. Bg5 h6 6. Bxf6 Qxf6 7. e3 Qd8 8. Rc1 Be7 9. Be2 0-0 10. 0-0 Nd7 11. Qc2 a6 12. Rfd1 f5 13. Bd3 Bd6 14. c5 Bc7 15. b4 e5 16. dxe5 Nxe5 17. Nxe5 Bxe5 18. Ne2 f4 19. exf4 Bxf4 20. Nxf4 Rxf4 21. Qd2 Qf6 22. a3 Bg4 23. Re1 Rf8 24. f3 Bd7 25. Rb1 g5 26. a4 Qd4+ 27. Qe3 Kg7 28. Qxd4+ Rxd4 29. Red1 Rff4 30. Be4 Rxd1+ 31. Rxd1 Be6 32. g3 Rf6 33. Bd3 Rxf3 34. Be2 Rb3 35. Rd4 Rb2 36. Kf2 Kf6 37. Ke3 Ke5 0-1

[Event "Cadiz op"]
[Site "Cadiz"]
[Date "1991.??.??"]
[Round "?"]
[White "Glavina, Pablo"]
[Black "Machulsky, Anatoly D"]
[Result "1-0"]
[WhiteElo "2380"]
[BlackElo "2555"]
[PlyCount "36"]
[EventDate "1991.??.??"]
[EventType "swiss"]
[EventRounds "9"]
[EventCountry "ESP"]
[SourceTitle "EXT 1997"]
[Source "ChessBase"]
[SourceDate "1996.11.15"]
[SourceVersion "1"]
[SourceVersionDate "1996.11.15"]
[SourceQuality "1"]

1. d4 d5 2. c4 e6 3. Nf3 Nf6 4. g3 c6 5. Bg2 Be7 6. 0-0 0-0 7. Nc3 b6 8. Ne5 Bb7 9. e4 Na6 10. Qa4 Qe8 11. Bf4 Rc8 12. Rfd1 dxc4 13. Qxc4 Nd7 14. Qe2 Nxe5 15. Bxe5 Rd8 16. Bf4 Bf6 17. e5 Be7 18. Ne4 Kh8 1-0

[Event "Telecom op"]
[Site "Dublin"]
[Date "1991.??.??"]
[Round "?"]
[White "Machulsky, Anatoly D"]
[Black "Daly, Colm"]
[Result "1-0"]
[WhiteElo "2555"]
[BlackElo "2220"]
[PlyCount "137"]
[EventDate "1991.03.??"]
[EventType "swiss"]
[EventRounds "9"]
[EventCountry "IRL"]
[SourceTitle "TD"]
[Source "ChessBase"]
[SourceDate "1994.03.01"]
[SourceVersion "1"]
[SourceVersionDate "1994.03.01"]
[SourceQuality "1"]

1. d4 Nf6 2. Nf3 e6 3. Bg5 c5 4. e3 b6 5. Bd3 cxd4 6. exd4 Bb7 7. 0-0 Be7 8. Re1 0-0 9. Nbd2 d6 10. Qe2 Nbd7 11. Nf1 Re8 12. Ng3 Rc8 13. c3 Rc7 14. Bc2 Qa8 15. Qd3 g6 16. h4 Bf8 17. h5 e5 18. dxe5 dxe5 19. hxg6 hxg6 20. Nh4 Nc5 21. Qe2 Ba6 22. c4 Nh7 23. Be3 Ne6 24. b3 Bb7 25. Rad1 Rd8 26. Rxd8 Qxd8 27. Nf3 Bg7 28. Rd1 Rd7 29. Rxd7 Qxd7 30. Qd1 Qxd1+ 31. Bxd1 f5 32. Bd2 e4 33. Nh4 Nhf8 34. Ne2 Kf7 35. g4 fxg4 36. Ng3 Bf6 37. Ng2 Nd4 38. Kf1 Nf3 39. Bf4 Nd7 40. Ne3 Nde5 41. Nd5 Nd3 42. Bb8 Bd4 43. Nxe4 Bxd5 44. cxd5 a5 45. Be2 Nc5 46. Bxf3 gxf3 47. Ng5+ Kf6 48. Nxf3 Bc3 49. Ke2 g5 50. Bc7 g4 51. Nh2 Kf5 52. Bxb6 Bb4 53. Nf1 Ke4 54. Ne3 Nd7 55. Bd8 Ne5 56. Bc7 Nd3 57. Nxg4 Nc1+ 58. Kd1 Nxa2 59. d6 Nc3+ 60. Kc2 Nb5 61. d7 Nd4+ 62. Kb2 Ne6 63. d8Q Nxd8 64. Bxd8 Bd2 65. Bb6 Kd5 66. Ne3+ Kc6 67. Nc4 Be1 68. f4 Kb5 69. Bxa5 1-0

[Event "Telecom op"]
[Site "Dublin"]
[Date "1991.??.??"]
[Round "?"]
[White "Machulsky, Anatoly D"]
[Black "McDonald, Neil R"]
[Result "0-1"]
[WhiteElo "2555"]
[BlackElo "2385"]
[PlyCount "98"]
[EventDate "1991.03.??"]
[EventType "swiss"]
[EventRounds "9"]
[EventCountry "IRL"]
[SourceTitle "TD"]
[Source "ChessBase"]
[SourceDate "1994.03.01"]
[SourceVersion "1"]
[SourceVersionDate "1994.03.01"]
[SourceQuality "1"]

1. d4 Nf6 2. Nf3 g6 3. Bg5 Bg7 4. Nbd2 d6 5. e4 0-0 6. c3 Qe8 7. Bc4 e5 8. dxe5 dxe5 9. 0-0 h6 10. Bh4 Nh5 11. Re1 Kh8 12. Nf1 Nd7 13. Ne3 Nb6 14. Bb3 Be6 15. Bxe6 Qxe6 16. Qb3 Qxb3 17. axb3 f5 18. exf5 gxf5 19. Ra5 Nf4 20. Be7 Rf7 21. Ba3 Ng6 22. h4 e4 23. h5 Nf4 24. Nh4 Nd3 25. Rd1 f4 26. Nef5 Re8 27. Nxg7 Kxg7 28. Nf5+ Kh7 29. Nd4 Rg8 30. Kf1 Rfg7 31. Ne6 Rxg2 32. Nf8+ Kh8 33. Ng6+ R8xg6 34. hxg6 Rxf2+ 35. Kg1 f3 36. Bc5 Rg2+ 37. Kh1 Kg7 38. Bd4+ Kxg6 39. Rg1 Rxg1+ 40. Kxg1 a6 41. b4 Nc4 42. Rd5 Nd6 43. b3 Nf5 44. Bf2 Nxf2 45. Kxf2 Kg5 46. Rd7 Kf4 47. Rf7 e3+ 48. Kg1 Ke4 49. Rf8 Ng3 0-1

[Event "Moscow3"]
[Site "Moscow"]
[Date "1991.??.??"]
[Round "?"]
[White "Machulsky, Anatoly D"]
[Black "Tseshkovsky, Vitaly"]
[Result "1/2-1/2"]
[WhiteElo "2555"]
[BlackElo "2490"]
[PlyCount "25"]
[EventDate "1991.03.??"]
[EventType "tourn"]
[EventRounds "11"]
[EventCountry "URS"]
[EventCategory "8"]
[SourceTitle "CBM 022 Extra"]
[Source "ChessBase"]
[SourceDate "1991.07.01"]
[SourceVersion "1"]
[SourceVersionDate "1991.07.01"]
[SourceQuality "1"]

1. e4 e5 2. Nf3 Nc6 3. Bb5 a6 4. Ba4 Nf6 5. 0-0 Be7 6. Bxc6 dxc6 7. d3 Nd7 8. Nbd2 0-0 9. Nc4 f6 10. Nh4 Nb6 11. Nxb6 cxb6 12. Nf5 Bc5 13. Be3 1/2-1/2

[Event "Cadiz op"]
[Site "Cadiz"]
[Date "1991.??.??"]
[Round "?"]
[White "Ramirez, Emilio"]
[Black "Machulsky, Anatoly D"]
[Result "0-1"]
[WhiteElo "2300"]
[BlackElo "2555"]
[PlyCount "38"]
[EventDate "1991.??.??"]
[EventType "swiss"]
[EventRounds "9"]
[EventCountry "ESP"]
[SourceTitle "EXT 1997"]
[Source "ChessBase"]
[SourceDate "1996.11.15"]
[SourceVersion "1"]
[SourceVersionDate "1996.11.15"]
[SourceQuality "1"]

1. e4 c5 2. Nf3 d6 3. d4 cxd4 4. Nxd4 Nf6 5. Nc3 a6 6. Bc4 e6 7. Be3 b5 8. Bb3 b4 9. Na4 Nbd7 10. f3 Bb7 11. 0-0 d5 12. Re1 dxe4 13. fxe4 Nxe4 14. Qg4 Ndf6 15. Qh3 Bd6 16. Rad1 0-0 17. Nf3 Qe7 18. Rd3 Bc6 19. Nd4 Bxa4 0-1

[Event "Cappelle op 06th"]
[Site "Cappelle la Grande"]
[Date "1990.02.23"]
[Round "8"]
[White "Hebden, Mark"]
[Black "Machulsky, Anatoly D"]
[Result "1-0"]
[WhiteElo "2530"]
[BlackElo "2495"]
[PlyCount "81"]
[EventDate "1990.02.18"]
[EventType "swiss"]
[EventRounds "9"]
[EventCountry "FRA"]
[SourceTitle "EXT 2004"]
[Source "ChessBase"]
[SourceDate "2003.11.25"]
[SourceVersion "1"]
[SourceVersionDate "2003.11.25"]
[SourceQuality "1"]

1. e4 e6 2. d4 d5 3. Nc3 Nf6 4. Bg5 dxe4 5. Nxe4 Be7 6. Bxf6 Bxf6 7. Nf3 0-0 8. Qd2 b6 9. 0-0-0 Bb7 10. Bd3 Nd7 11. h4 Be7 12. Nfg5 h6 13. Rh3 Nf6 14. Nxf6+ Bxf6 15. Nh7 Re8 16. Nxf6+ Qxf6 17. g4 e5 18. Bb5 Re7 19. g5 Qe6 20. Rg3 Qxa2 21. Qb4 c5 22. dxc5 bxc5 23. Qxc5 Qa1+ 24. Kd2 Qa5+ 25. Rc3 Re6 26. Bd3 Qxc5 27. Rxc5 Rc8 28. Rxc8+ Bxc8 29. Ke3 Bb7 30. Bc4 Rc6 31. Rd8+ Kh7 32. Bd3+ g6 33. Rd7 Rb6 34. Rxf7+ Kg8 35. Bc4 Ba6 36. Bd5 hxg5 37. Rxa7+ Kf8 38. hxg5 Bf1 39. Rb7 Rd6 40. c4 Bh3 41. Ke4 1-0

[Event "Cappelle op 06th"]
[Site "Cappelle la Grande"]
[Date "1990.02.21"]
[Round "6"]
[White "Krasenkow, Michal"]
[Black "Machulsky, Anatoly D"]
[Result "1/2-1/2"]
[WhiteElo "2545"]
[BlackElo "2495"]
[PlyCount "21"]
[EventDate "1990.02.18"]
[EventType "swiss"]
[EventRounds "9"]
[EventCountry "FRA"]
[SourceTitle "EXT 2004"]
[Source "ChessBase"]
[SourceDate "2003.11.25"]
[SourceVersion "1"]
[SourceVersionDate "2003.11.25"]
[SourceQuality "1"]

1. c4 e6 2. Nc3 d5 3. d4 c6 4. e3 Nf6 5. Bd3 Nbd7 6. Qc2 e5 7. cxd5 cxd5 8. Qb3 exd4 9. exd4 Qb6 10. Nxd5 Qxd4 11. Nxf6+ 1/2-1/2

[Event "Cappelle op 06th"]
[Site "Cappelle la Grande"]
[Date "1990.02.19"]
[Round "3"]
[White "Machulsky, Anatoly D"]
[Black "Boudre, Jean Pierre"]
[Result "1-0"]
[WhiteElo "2495"]
[BlackElo "2355"]
[PlyCount "47"]
[EventDate "1990.02.18"]
[EventType "swiss"]
[EventRounds "9"]
[EventCountry "FRA"]
[SourceTitle "EXT 2004"]
[Source "ChessBase"]
[SourceDate "2003.11.25"]
[SourceVersion "1"]
[SourceVersionDate "2003.11.25"]
[SourceQuality "1"]

1. e4 e5 2. Nf3 Nc6 3. Bb5 a6 4. Ba4 Nf6 5. d4 exd4 6. 0-0 Be7 7. Re1 b5 8. e5 Nxe5 9. Rxe5 d6 10. Re1 bxa4 11. Nxd4 Bd7 12. Qf3 0-0 13. Nc6 Bxc6 14. Qxc6 d5 15. Bf4 Re8 16. Nc3 a3 17. bxa3 Bxa3 18. Bxc7 Qc8 19. Nxd5 Nxd5 20. Rxe8+ Qxe8 21. Qxd5 Rc8 22. Qa5 Bb2 23. Rd1 Qc6 24. Be5 1-0

[Event "New York op"]
[Site "New York"]
[Date "1990.??.??"]
[Round "4"]
[White "Machulsky, Anatoly D"]
[Black "Mohr, Stefan"]
[Result "1-0"]
[WhiteElo "2495"]
[BlackElo "2425"]
[PlyCount "113"]
[EventDate "1990.04.??"]
[EventType "swiss"]
[EventRounds "9"]
[EventCountry "USA"]
[SourceTitle "CBM 016 Extra"]
[Source "ChessBase"]
[SourceDate "1990.07.01"]
[SourceVersion "1"]
[SourceVersionDate "1990.07.01"]
[SourceQuality "1"]

1. e4 g6 2. d4 Bg7 3. Bc4 c5 4. dxc5 Qa5+ 5. c3 Qxc5 6. Qb3 e6 7. Be3 Qc7 8. Na3 a6 9. Qb6 Qxb6 10. Bxb6 Nc6 11. 0-0-0 Nf6 12. f3 d5 13. exd5 exd5 14. Bxd5 Nxd5 15. Rxd5 Be6 16. Rd1 Bxa2 17. Nh3 0-0 18. Rhe1 Rfe8 19. Nc2 Ne5 20. f4 Nc6 21. Ng5 f5 22. Rd7 Rxe1+ 23. Nxe1 Re8 24. Kd2 Re7 25. Rxe7 Nxe7 26. Nd3 Bd5 27. g3 h6 28. Nh3 Kf7 29. Bc7 Ke6 30. Nc5+ Kf7 31. Nf2 Bc6 32. Nfd3 Nd5 33. Be5 Nf6 34. Ke2 a5 35. Bd4 Ne4 36. Bxg7 Kxg7 37. Nxe4 Bxe4 38. Ne5 g5 39. Ke3 Kf6 40. Kd4 gxf4 41. gxf4 Ke6 42. Kc5 a4 43. c4 h5 44. h4 Bc2 45. Kb6 Be4 46. Kc7 Bg2 47. Nd7 Bf1 48. Nb6 Bxc4 49. Nxc4 Kd5 50. Nd6 b5 51. Nxb5 Ke4 52. Nc3+ Kxf4 53. Nxa4 Kg4 54. b4 f4 55. Nc5 f3 56. Ne4 Kf4 57. Nd2 1-0

[Event "Kiev"]
[Site "Kiev"]
[Date "1989.??.??"]
[Round "?"]
[White "Huzman, Alexander"]
[Black "Machulsky, Anatoly D"]
[Result "1/2-1/2"]
[WhiteElo "2475"]
[BlackElo "2465"]
[PlyCount "27"]
[EventDate "1989.??.??"]
[EventType "tourn"]
[EventRounds "11"]
[EventCountry "URS"]
[EventCategory "8"]
[SourceTitle "CBM 015"]
[Source "ChessBase"]
[SourceDate "1990.04.01"]
[SourceVersion "1"]
[SourceVersionDate "1990.04.01"]
[SourceQuality "1"]

1. d4 e6 2. c4 f5 3. Nf3 Nf6 4. g3 c6 5. Bg2 d5 6. 0-0 Bd6 7. b3 Qe7 8. Bb2 0-0 9. Ne5 b5 10. Nd2 a5 11. Ndf3 Bb7 12. Rc1 a4 13. c5 Bc7 14. b4 1/2-1/2

[Event "Sverdlovsk"]
[Site "Sverdlovsk"]
[Date "1989.??.??"]
[Round "?"]
[White "Janovsky, Sergey"]
[Black "Machulsky, Anatoly D"]
[Result "0-1"]
[WhiteElo "2360"]
[BlackElo "2465"]
[PlyCount "76"]
[EventDate "1989.10.??"]
[EventType "tourn"]
[EventRounds "13"]
[EventCountry "URS"]
[EventCategory "8"]
[SourceTitle "TD"]
[Source "ChessBase"]
[SourceDate "1994.03.01"]
[SourceVersion "1"]
[SourceVersionDate "1994.03.01"]
[SourceQuality "1"]

1. e4 c5 2. Nf3 d6 3. d4 cxd4 4. Nxd4 Nf6 5. Nc3 Nc6 6. Bc4 e6 7. Be3 a6 8. Qe2 Qc7 9. 0-0-0 Be7 10. Bb3 0-0 11. Rhg1 b5 12. g4 b4 13. Nxc6 Qxc6 14. Nd5 exd5 15. g5 Nxe4 16. Bxd5 Qa4 17. Bxe4 Be6 18. Bxh7+ Kxh7 19. Qh5+ Kg8 20. g6 fxg6 21. Qxg6 Bf6 22. Bd4 b3 23. axb3 Qa1+ 24. Kd2 Qa5+ 25. Kc1 Qa1+ 26. Kd2 Qa5+ 27. Kc1 Bxd4 28. Rxd4 Rf7 29. Qxe6 Qa1+ 30. Kd2 Qxg1 31. Rf4 Raf8 32. Rxf7 Rxf7 33. Qe8+ Rf8 34. Qe6+ Kh7 35. Qh3+ Kg6 36. Qe6+ Rf6 37. Qe4+ Kh5 38. Qh7+ Rh6 0-1

[Event "Alma-Ata"]
[Site "Almaty"]
[Date "1989.??.??"]
[Round "2"]
[White "Machulsky, Anatoly D"]
[Black "Ubilava, Elizbar"]
[Result "1/2-1/2"]
[WhiteElo "2450"]
[BlackElo "2515"]
[PlyCount "27"]
[EventDate "1989.06.??"]
[EventType "tourn"]
[EventRounds "15"]
[EventCountry "URS"]
[EventCategory "8"]
[SourceTitle "EXT 1997"]
[Source "ChessBase"]
[SourceDate "1996.11.15"]
[SourceVersion "1"]
[SourceVersionDate "1996.11.15"]
[SourceQuality "1"]

1. e4 c5 2. Nf3 d6 3. Bb5+ Bd7 4. Bxd7+ Nxd7 5. 0-0 Ngf6 6. Qe2 g6 7. c4 Bg7 8. Nc3 0-0 9. d4 cxd4 10. Nxd4 a6 11. Be3 e6 12. Rac1 d5 13. exd5 exd5 14. Nxd5 1/2-1/2

[Event "Kiev"]
[Site "Kiev"]
[Date "1989.??.??"]
[Round "?"]
[White "Malaniuk, Vladimir P"]
[Black "Machulsky, Anatoly D"]
[Result "1/2-1/2"]
[WhiteElo "2560"]
[BlackElo "2465"]
[PlyCount "31"]
[EventDate "1989.??.??"]
[EventType "tourn"]
[EventRounds "11"]
[EventCountry "URS"]
[EventCategory "8"]
[SourceTitle "CBM 015"]
[Source "ChessBase"]
[SourceDate "1990.04.01"]
[SourceVersion "1"]
[SourceVersionDate "1990.04.01"]
[SourceQuality "1"]

1. e4 e6 2. d4 d5 3. exd5 exd5 4. Bd3 Nc6 5. c3 Bd6 6. Qe2+ Qe7 7. Qxe7+ Ngxe7 8. Nf3 Bf5 9. Bxf5 Nxf5 10. 0-0 0-0 11. Re1 Rfe8 12. Rxe8+ Rxe8 13. Nbd2 Bf4 14. Nb3 Bxc1 15. Rxc1 b6 16. Re1 1/2-1/2

[Event "Kiev"]
[Site "Kiev"]
[Date "1989.??.??"]
[Round "?"]
[White "Mozes, Ervin"]
[Black "Machulsky, Anatoly D"]
[Result "0-1"]
[WhiteElo "2415"]
[BlackElo "2465"]
[PlyCount "58"]
[EventDate "1989.??.??"]
[EventType "tourn"]
[EventRounds "11"]
[EventCountry "URS"]
[EventCategory "8"]
[SourceTitle "CBM 015"]
[Source "ChessBase"]
[SourceDate "1990.04.01"]
[SourceVersion "1"]
[SourceVersionDate "1990.04.01"]
[SourceQuality "1"]

1. Nf3 c5 2. d4 cxd4 3. Nxd4 d5 4. g3 Nf6 5. Bg2 e5 6. Nb3 h6 7. 0-0 Be7 8. Nc3 d4 9. Ne4 Nxe4 10. Bxe4 0-0 11. Bd2 Nc6 12. c3 Bh3 13. Re1 f5 14. Bh1 f4 15. Rc1 Qd7 16. cxd4 exd4 17. Na5 Nxa5 18. Bxa5 fxg3 19. Qb3+ Kh8 20. Qxg3 Bd6 21. Qg6 Rf6 22. Qh5 Rf5 23. Qxh3 Rg5+ 24. Qg2 Qh3 25. Kf1 Rxg2 26. Bxg2 Qxh2 27. Rc4 Rf8 28. Rxd4 Qg3 29. Bf3 Qh3+ 0-1

[Event "Sverdlovsk"]
[Site "Sverdlovsk"]
[Date "1989.??.??"]
[Round "?"]
[White "Tseshkovsky, Vitaly"]
[Black "Machulsky, Anatoly D"]
[Result "1/2-1/2"]
[WhiteElo "2520"]
[BlackElo "2465"]
[PlyCount "34"]
[EventDate "1989.10.??"]
[EventType "tourn"]
[EventRounds "13"]
[EventCountry "URS"]
[EventCategory "8"]
[SourceTitle "TD"]
[Source "ChessBase"]
[SourceDate "1994.03.01"]
[SourceVersion "1"]
[SourceVersionDate "1994.03.01"]
[SourceQuality "1"]

1. e4 e6 2. d4 d5 3. Nd2 a6 4. Ngf3 c5 5. exd5 exd5 6. Be2 cxd4 7. 0-0 Bd6 8. Nb3 Ne7 9. Nbxd4 0-0 10. Re1 Nbc6 11. c3 Bg4 12. Be3 Qc7 13. h3 Bh5 14. Nh4 Bg6 15. Nxg6 hxg6 16. Bf1 Nxd4 17. Bxd4 Nf5 1/2-1/2